Financial Reporting and Analysis, and Corporate Finance / Level 2, Book 2 (Record no. 1600)

000 -LEADER
fixed length control field 00638nam a22002057a 4500
005 - DATE AND TIME OF LATEST TRANSACTION
control field 20210423061524.0
008 - FIXED-LENGTH DATA ELEMENTS--GENERAL INFORMATION
fixed length control field 210219s2010 ||||| |||| 00| 0 eng d
020 ## - INTERNATIONAL STANDARD BOOK NUMBER
International Standard Book Number 9781427727350
020 ## - INTERNATIONAL STANDARD BOOK NUMBER
International Standard Book Number 142772735X
040 ## - CATALOGING SOURCE
Original cataloging agency eng
Transcribing agency DLC
041 ## - LANGUAGE CODE
Language code of text/sound track or separate title eng
080 ## - UNIVERSAL DECIMAL CLASSIFICATION NUMBER
Universal Decimal Classification number 336
Item number K-20
100 ## - MAIN ENTRY--PERSONAL NAME
9 (RLIN) 751
Personal name CFA Chartered financial analyst
245 ## - TITLE STATEMENT
Title Financial Reporting and Analysis, and Corporate Finance / Level 2, Book 2
Remainder of title : Schwesernotes for the 2011 CFA Exam
Statement of responsibility, etc. / by: Kaplan Schweser
260 ## - PUBLICATION, DISTRIBUTION, ETC.
Place of publication, distribution, etc. USA
Name of publisher, distributor, etc. Kaplan Schweser
Date of publication, distribution, etc. 2010
300 ## - PHYSICAL DESCRIPTION
Extent 401 p.
Other physical details ill.
650 #0 - SUBJECT ADDED ENTRY--TOPICAL TERM
9 (RLIN) 454
Topical term or geographic name entry element Finances
653 ## - INDEX TERM--UNCONTROLLED
Uncontrolled term ფინანსები
942 ## - ADDED ENTRY ELEMENTS (KOHA)
Source of classification or shelving scheme
Koha item type Books
Holdings
Withdrawn status Lost status Source of classification or shelving scheme Damaged status Not for loan Permanent location Current location Date acquired Inventory number Total Checkouts Full call number Barcode Date last seen Price effective from Koha item type
          Ken Walker International University Ken Walker International University 02/19/2021 1566   336 K-20 1566 02/19/2021 02/19/2021 Books

Powered by Koha